| 000 | 01020nas a2200325 4500 | ||
|---|---|---|---|
| 001 | BR2016000553 | ||
| 003 | BR-BrBNA | ||
| 005 | 20231205130132.0 | ||
| 007 | ta | ||
| 008 | 230509b bl.|||p| |||| 00| 00por d | ||
| 040 |
_aBR-BrBNA _bpor _cBiblioteca Nacional de Agricultura |
||
| 041 | _a(Pt) | ||
| 072 | _aF30 | ||
| 100 | 1 | _aDamasceno Júnior, P.C. | |
| 100 | 1 | _aPereira, T.N.S. | |
| 100 | 1 | _aSilva, F.F. da | |
| 100 | 1 | _aReis, M.V.M. | |
| 100 | 1 | _aPereira, M.G. | |
| 245 | 1 | _aDiversidade genética em duas espécies de caricáceas e suas relações genéticas com Carica papaya L. | |
| 650 | _aCARICÁCEAE | ||
| 650 | _aDICOTILEDÔNIA | ||
| 650 | _aCARICA PAPAYA | ||
| 650 | _aVARIAÇÃO GENÉTICA | ||
| 650 | _aMARCADOR MOLECULAR | ||
| 650 | _aGERMOPLASMA | ||
| 650 | _aMELHORAMENTO GENÉTICO VEGETAL | ||
| 773 | 0 |
_tRevista Ciência Agronômica (Brazil) _xISSN 0045-6888 _g(Oct-Dec 2015), v. 46(4) p. 733-739 _wBR2016000553 |
|
| 909 |
_a202311 _bLúcia _c55 _dLúcia Elande |
||
| 942 |
_2AGRIS _n0 _cANA |
||
| 999 |
_c247996 _d247996 |
||